Luật nghĩa vụ dân sự và bảo đảm thực hiện nghĩa vụ dân sự Việt Nam : Bản án và bình luận bản án

Tuyển chọn, trích dẫn các bản án, quyết định của toà án các cấp. Nghiên cứu, bình luận các vấn đề pháp lý cơ bản của pháp luật Việt Nam về nghĩa vụ dân sự và bảo đảm thực hiện nghĩa vụ dân sự...

全面介绍

Đã lưu trong:
书目详细资料
主要作者: Đỗ, Văn Đại
格式: 图书
语言:Undetermined
出版: Hà Nội Chính trị Quốc gia 2014
主题:
标签: 添加标签
没有标签, 成为第一个标记此记录!
Thư viện lưu trữ: Trung tâm Học liệu Trường Đại học Cần Thơ
LEADER 01047nam a2200229Ia 4500
001 CTU_207627
008 210402s9999 xx 000 0 und d
020 |c 178000 
082 |a 346.597 
082 |b Đ103/T.1 
100 |a Đỗ, Văn Đại 
245 0 |a Luật nghĩa vụ dân sự và bảo đảm thực hiện nghĩa vụ dân sự Việt Nam : 
245 0 |b Bản án và bình luận bản án 
245 0 |c Đỗ Văn Đại 
260 |a Hà Nội 
260 |b Chính trị Quốc gia 
260 |c 2014 
520 |a Tuyển chọn, trích dẫn các bản án, quyết định của toà án các cấp. Nghiên cứu, bình luận các vấn đề pháp lý cơ bản của pháp luật Việt Nam về nghĩa vụ dân sự và bảo đảm thực hiện nghĩa vụ dân sự 
650 |a Civil law,Luật dân sự 
650 |z Vietnam,Việt Nam 
904 |i Hải 
980 |a Trung tâm Học liệu Trường Đại học Cần Thơ